Highway engineering (Record no. 11916)

000 -LEADER
fixed length control field 00508nam a2200205 i 4500
001 - CONTROL NUMBER
control field 11916
003 - CONTROL NUMBER IDENTIFIER
control field BD-DhUET
008 - FIXED-LENGTH DATA ELEMENTS--GENERAL INFORMATION
fixed length control field 780725s1979 nyua b 001 0 eng
020 ## - INTERNATIONAL STANDARD BOOK NUMBER
International Standard Book Number 0471072605
040 ## - CATALOGING SOURCE
Original cataloging agency DLC
Transcribing agency DLC
Modifying agency BD-DhUET
082 00 - DEWEY DECIMAL CLASSIFICATION NUMBER
Classification number 625.7
Item number WRI/1979
100 1# - MAIN ENTRY--PERSONAL NAME
Personal name Wright, Paul H.
245 10 - TITLE STATEMENT
Title Highway engineering
250 ## - EDITION STATEMENT
Edition statement 4th ed.
260 ## - PUBLICATION, DISTRIBUTION, ETC. (IMPRINT)
Place of publication, distribution, etc. New York
Name of publisher, distributor, etc. John Wiley & Sons
Date of publication, distribution, etc. 1979
300 ## - PHYSICAL DESCRIPTION
Extent 828 p.
Other physical details ill.
650 #0 - SUBJECT ADDED ENTRY--TOPICAL TERM
Topical term or geographic name as entry element Highway engineering
700 ## - ADDED ENTRY--PERSONAL NAME
Personal name Paquette, Radnor J.
942 ## - ADDED ENTRY ELEMENTS (KOHA)
Koha item type General Book
Holdings
Koha item type Koha normalized classification for sorting Withdrawn status Shelving location Piece designation (barcode) Location (home branch) Koha date last seen Not for loan Lost status Copy number Sublocation or collection (holding branch) Source of classification or shelving scheme Price effective from Damaged status Koha full call number Date acquired
General Book625_700000000000000_WRI_1979 Circulation section53924Central Library, BUET2015-09-20  1Central Library, BUET 2015-02-22 625.7/WRI/19792015-02-22
General Book625_700000000000000_WRI_1979 Reading section48728Central Library, BUET2015-06-23  2Central Library, BUET 2015-06-23 625.7/WRI/19792015-06-23
General Book625_700000000000000_WRI_1979 Reading section48727Central Library, BUET2015-06-23  3Central Library, BUET 2015-06-23 625.7/WRI/19792015-06-23
General Book625_700000000000000_WRI_1979 Reading section51825Central Library, BUET2015-06-23  4Central Library, BUET 2015-06-23 625.7/WRI/19792015-06-23
General Book625_700000000000000_WRI_1979 Reading section48729Central Library, BUET2015-06-29  5Central Library, BUET 2015-06-29 625.7/WRI/19792015-06-29
General Book625_700000000000000_WRI_1979 Circulation section53921Central Library, BUET2015-08-17  6Central Library, BUET 2015-08-17 625.7/WRI/19792015-08-17